Southville International School and Colleges
Your cart is empty.
  • Cart
  • Lists
    Public lists Eva Luna New books Lux_list list_1
    Your lists Log in to create your own lists
  • Log in to your account
  • Your cookies
  • Search history
Southville International School and Colleges
  • Advanced search
  • Recent comments
  • Most popular
  • Libraries

Log in to your account

Log in with GOOGLE


If you do not have an external account, but do have a local account, you can still log in:

  1. Home
  2. MARC view: Journey to an 800 number.
Normal view MARC view ISBD view

Journey to an 800 number. (Record no. 110754)

[ view plain ]
MARC details
000 -LEADER
fixed length control field 00391nam a2200157 a 4500
001 - CONTROL NUMBER
control field 2765
005 - DATE AND TIME OF LATEST TRANSACTION
control field 20140414131903.0
008 - FIXED-LENGTH DATA ELEMENTS--GENERAL INFORMATION
fixed length control field 050928s19uu xx 00 eng d
020 ## - INTERNATIONAL STANDARD BOOK NUMBER
International Standard Book Number 0-689-82679-6
050 ## - LIBRARY OF CONGRESS CALL NUMBER
Classification number FIC
Item number K79 1982
100 ## - MAIN ENTRY--PERSONAL NAME
Personal name E.L. Konigsburg
245 ## - TITLE STATEMENT
Title Journey to an 800 number.
260 ## - PUBLICATION, DISTRIBUTION, ETC. (IMPRINT)
Name of publisher, distributor, etc Aladdin Paperbacks,
Date of publication, distribution, etc 1982.
300 ## - PHYSICAL DESCRIPTION
Extent 138 p. : ill. ; cm.
Holdings
Withdrawn status Lost status Damaged status Home library Current library Shelving location Date acquired Source of acquisition Total Checkouts Full call number Barcode Date last seen Price effective from Koha item type
      Munich Library Munich Library Fiction Section 09/28/2005     FIC K79 1982 M1237 04/14/2014 04/14/2014 Books

Journey to an 800 number.

APA

E.L. Konigsburg, . (1982). Journey to an 800 number. : Aladdin Paperbacks.

Chicago

E.L. Konigsburg, . 1982. Journey to an 800 number. : Aladdin Paperbacks.

Harvard

E.L. Konigsburg, . (1982). Journey to an 800 number. : Aladdin Paperbacks.

MLA

E.L. Konigsburg, . Journey to an 800 number. : Aladdin Paperbacks. 1982.

  • Place hold
  • Print
  • Cite
  • Add to your cart (remove)
  • Save record
    BIBTEX Dublin Core MARCXML MARC (non-Unicode/MARC-8) MARC (Unicode/UTF-8) MARC (Unicode/UTF-8, Standard) MODS (XML) RIS
  • More searches
    Search for this title in:
    Other Libraries (WorldCat) Other Databases (Google Scholar) Online Stores (Bookfinder.com) Open Library (openlibrary.org)

Exporting to Dublin Core...

SOUTHVILLE LIBRARY

Southville International School and Colleges Library

1281 Tropical Ave. Cor. Luxembourg St., BF Homes International, Las Pinas City

Tel. No. 8256374 / 252358 Loc. 117/146

Powered by Koha